000 00949nam a2200265Ia 4500
003 OSt
005 20221005104237.0
006 a|||||r|||| 00| 0
007 ta
008 221004b |||||||| |||| 00| 0 hin d
024 _a119905
037 _cTextual
040 _aCRL
_cCRL
_bhin
041 _2hin
_ahin
082 _aO152v, [M0]
100 _aस्नातक, विजयेन्द्र
245 0 _aहिन्दी साहित्य - प्रवेश
246 _aHindī sāhitya - pravesha
260 _aदिल्ली
_bपीताम्बर बुक डिपो भारत
_c1980
300 _a119पृ0
_ccm.
650 _aहिन्दी साहित्य
700 _a चौधरी, सत्यदेव
942 _hO152v, [M0]
_cTEXL
_2cc
999 _c1012128
_d1012128